Understanding International Conflicts : An Introduction to Theory and History /

Contenido: ¿Existe una lógica del conflicto en la teoría de política internacional?; Orígenes de la grandes conflictos del siglo XX; Balance del poder y la Primera Guerra Mundial; La falla de seguridad colectiva y la Segunda Guerra Mundial; La guerra fría; Intervención; Organizaciones y conflictos é...

Whakaahuatanga katoa

I tiakina i:
Ngā taipitopito rārangi puna kōrero
Kaituhi matua: Nye, Joseph S, hijo (autor)
Ētahi atu kaituhi: Hoffmann, Stanley (prólogo) (prólogo)
Hōputu: Pukapuka
Reo:Ingarihi
I whakaputaina: Nueva York, EUA : Longman, 2002, c2002
Putanga:4a edición
Rangatū:(Longman Classics in Political Science)
Ngā marau:
Ngā Tūtohu: Tāpirihia he Tūtohu
Kāore He Tūtohu, Me noho koe te mea tuatahi ki te tūtohu i tēnei pūkete!

MARC

LEADER 00000nam^a2200000^a^4500
001 000156653
005 20250521000000.0
009 20260310100511.512
020 |a 0-321-08987-1 
037 |a Acervo ITESO - Biblioteca 
041 |a ING 
082 |a 327. 16  |b NYE 
100 |a Nye, Joseph S,  |c hijo  |e (autor) 
240 1 1 |a [Understanding International Conflicts: An Introduction to Theory and History] 
245 1 0 |a Understanding International Conflicts :  |b An Introduction to Theory and History /  |c J.S. Nye, hijo ; pról. de S. Hoffmann. 
250 |a 4a edición 
264 4 |a Nueva York, EUA :  |b Longman,  |c 2002, c2002 
300 |a XII, 275 p. 
336 |a texto  |b txt  |2 rdacontenido 
337 |a sin mediación  |b n  |2 rdamedio 
338 |a volumen  |b nc  |2 rdasoporte 
440 1 |a (Longman Classics in Political Science) 
520 |a Contenido: ¿Existe una lógica del conflicto en la teoría de política internacional?; Orígenes de la grandes conflictos del siglo XX; Balance del poder y la Primera Guerra Mundial; La falla de seguridad colectiva y la Segunda Guerra Mundial; La guerra fría; Intervención; Organizaciones y conflictos étnicos y regionales; Globalización e interdependencia; Revolución de la información, actores sociales, poder transnacional; ¿Un nuevo orden mundial? 
649 |a XX 
650 |a Organizaciones Internacionales 
650 |a Petróleo -  |z Medio Oriente -  |x Aspectos Políticos 
650 |a Petróleo -  |z Medio Oriente -  |x Aspectos Económicos 
650 |a Tecnologías de Comunicación e Información -  |x Función Política 
650 |a Poder (Ciencias Sociales) 
650 |a Etica Política 
650 |a Globalización -  |x Aspectos Políticos 
650 |a Terrorismo -  |z EUA -  |x Historia -  |y 11 de Septiembre de 2001 
650 |a Conflictos Regionales -  |x Historia 
650 |a Conflictos Internacionales 
650 |a Guerra Mundial (Primera), 1914-1918 -  |x Historia 
650 |a Guerra Mundial (Segunda), 1939-1945 -  |x Historia 
650 |a Guerra Fría 
650 |a Guerra y Paz -  |z Medio Oriente 
650 |a Guerra y Paz -  |x Tema Principal 
650 |a Cooperación Internacional -  |x Tema Principal 
650 |a Relaciones Internacionales 
650 |a Nuevo Orden Mundial 
650 |a Política Internacional 
650 |a Derecho Internacional 
700 |a Hoffmann, Stanley  |e (prólogo) 
910 |a Fondo General 
920 |a Impresos - Libros 
930 |a Colección General 
905 |a 101 
901 |a 0500085335  |b IT1  |c ACC  |u 20250521 
902 |a https://opac.biblio.iteso.mx/vufind/Record/000156653